LEADER 01495nam a2200301 u 4500 001 000000109228 003 CaOOAMICUS 005 20080128110825.0 008 080128s2003 it u000 u ita u 020 $z88-495-0410-8* 040 $aPUL$bita$dLDB 100 1 $aPalazzo, Antonio.$0(OLS)http://pul/name/1851 245 10$aIstituti alternativi al testamento /$cAntonio Palazzo. 260 $aNapoli :$bEdizioni scientifiche italiane,$c2003. 300 $ax, 306 p. ;$c24 cm. 490 1 $aTrattato di diritto civile del Consiglio Nazionale del Notariato.$a8, Le successioni per causa di morte ;$v01 500 $aContiene indici. 504 $aBibliografia in nota. 650 4$aSuccessione (diritto).$0(OLS)http://pul/subject/1242 830 0$aTrattato di diritto civile del Consiglio Nazionale del Notariato.$n8,$pLe successioni per causa di morte ;$v01.$0(OLS)http://pul/title/137420 850 $aPUL 852 $aPUL$W1$xSL Diritto e Scienze Sociali 3$y79$m346. 45 COLL 3.2$j124824$qDDC 21$B123560$CPULBib$Z2$F123560 $H106220 $82 852 $aPUL$W1$xDP1 Fondo G. Barberini$y122$m4 E 95$j177826$b2 copia$qFondi$B180992$CPULBib$Z2$F180992 $HBar866 $82 941 1 $a9 941 1 $a1 996 $6020$z88-495-0410-8*$9(OLS)http://pul/number/136837 996 $6245$aIstituti alternativi al testamento$9(OLS)http://pul/title/137421 996 $6260$aNapoli :$bEdizioni scientifiche italiane$9(OLS)http://pul/publisher/48388 LEADER 01418nam a2200337 a 4500 001 000000125609 003 CaOOAMICUS 005 20110608131441.0 008 110608m20119999it u000 u ita r 020 $a978-88-598-0518-2 (v. 2) 040 $aPUL$bita 082 04$a344.4501 245 00$aDiritto del lavoro /$cFranco Carinci ... [et al.]. 250 $a7. ed. 260 $aTorino :$bUTET Giuridica,$cİ2011- 300 $av. ;$c24 cm 504 $aBibliografia in nota. 505 1 $aV. 2. Il rapporto di lavoro subordinato / con la collaborazione di Marina Brollo, ... [et al.] 650 4$aDiritto del lavoro$zItalia.$0(OLS)http://pul/subject/2593 700 1 $aCarinci, Franco.$0(OLS)http://pul/name/29410 700 1 $aBrollo, Marina.$0(OLS)http://pul/name/44525 740 32$aIl rapporto di lavoro subordinato. 850 $aPUL 852 $aPUL$W1$xDP2 Diritto e Scienze Sociali 3$y110$m344. 4501 CARFR 1$j144690$bv. 2$qDDC 21$B143707$CPULBib$Z2$F143707 $H117351 $82 941 1 $a9 996 $6020$a978-88-598-0518-2 (v. 2)$9(OLS)http://pul/number/147417 996 $6082$a344.4501$9(OLS)http://pul/classification/1851 996 $6740$aIl rapporto di lavoro subordinato$9(OLS)http://pul/title/158399 996 $6245$aDiritto del lavoro$9(OLS)http://pul/title/53432 996 $6260$aTorino :$bUTET Giuridica$9(OLS)http://pul/publisher/79191